Personnages de Xenoblade Chronicles 1 - Statistiques

Statistiques générales
  • Ce quiz a été pris 102 fois
  • Le résultat moyen est 14 sur 27
Statistiques - réponses
Indice Personnage % Correct
Héritier de Monado Shulk
100%
Sa soeur Fiora
90%
Son meilleur ami Reyn
90%
Héropon Riki
90%
Ancien porteur de Monado Dunban
88%
Princesse Hayenthe Mélia Antiqua
84%
Infirmière de la Colonie 6 Sharla
82%
Mékon ayant attaqué la Colonie 9 Facia Noir
75%
Géant enfermé dans l'île prison Zanza
75%
Voyant de l'Empire Hayenthe Alvis
65%
Vétéran de la bataille de la Vallée de l'Epée, maintenant marchand ambulant Dickson
61%
Leader de Mékonis Eghil
56%
Jeune homme vivant à la Colonie 6 Juju
56%
Déesse de Mékonis Meïnas
51%
Mékon ayant attaqué la Colonie 6 Xord le pourpre
47%
Son second Gadolt
44%
Prince Hayenthe Kallian Antiqua
36%
Colonel des forces de défense de la Colonie 6 Otharon
34%
Sa fille Vanea
31%
Ministre Hayenthe des Recherches Lorithia
27%
Assassin à ses ordres Tyrea
26%
Empereur Hayenthe Sorean Antiqua
23%
Colonel de la Colonie 9 Vangarre
21%
Chef des Machinas Mikol
17%
Infirmière Machina Linada
16%
Dame Consort de l'Empereur Hayenthe Yumea
16%
Chef nopon Dunga
14%
Aucun quiz correspondant
Distribution des résultats
% des personnes avec chaque résultat
Percentile par nombre de réponses
Votre historique - résultats
Vous n’avez pas pris ce quiz